000 00580nam a22001697a 4500
005 20251108172704.0
008 250721s1987 xx 000 0 ara d
082 1 4 _aم/364.67/ربا
100 1 _aرباح، غسان
_eمؤلف
245 1 0 _aعقوبة الإعدام :
_bحل أم مشكلة ؟ دراسة معمقة ومقارنة في النظرية والتطبيق /
264 1 _aبيروت :
_bمؤسسة نوفل،
_c1987.
300 _a450ص
650 1 7 _aعقوبة الإعدام
650 1 7 _aالقانون الجنائي
942 _2ddc
_cREF
999 _c85976
_d85976